[Event "Kup Centralne Srbije"]
[Site "Vrnjacka Banja"]
[Date "2011.05.02"]
[Round "6"]
[White "Sredojevic, Ivan"]
[Black "Rajkovic, Dusan"]
[Result "1-0"]
[BlackElo "2411"]
[EventDate "2011.03.02"]
[WhiteElo "2408"]

1.d4 Nf6 2.Nf3 e6 3.e3 b6 4.Bd3 Bb7 5.O-O c5 6.c3 Be7 7.Nbd2 cxd4 8.exd4
O-O 9.Re1 d6 10.Nf1 Nbd7 11.Ng3 Re8 12.Ng5 Qc7 13.Qc2 Nf8 14.Nh5 g6 15.Nxf6+
Bxf6 16.Be4 Bxe4 17.Nxe4 Bg7 18.Qb3 h6 19.Bf4 e5 20.Bg3 Kh7 21.Qd5 Rad8
22.f3 f5 23.Nd2 exd4 24.cxd4 Qc2 25.Nc4 b5 26.Nxd6 Rxe1+ 27.Rxe1 Qxb2 28.Be5
Qd2 29.Kf1 Qd3+ 30.Kf2 Bxe5 31.Qxe5 Rd7 32.Qf6 Kg8 33.Qe5 a6 34.Re2 Qc3
35.Qd5+ Kh7 36.Qc5 Qxc5 37.dxc5 Rc7 38.Re5 f4 39.Ke2 g5 40.Kd3 Ng6 41.Rf5
Kg8 42.g3 Ne7 43.Re5 fxg3 44.hxg3 Nc6 45.Re8+ Kg7 46.Re4 Kf8 47.Re8+ Kg7
  1-0

[Event "Kup Centralne Srbije"]
[Site "Vrnjacka Banja"]
[Date "2011.05.02"]
[Round "6"]
[White "Ristic, Nenad"]
[Black "Vratonjic, Slobo"]
[Result "1/2-1/2"]
[BlackElo "2392"]
[EventDate "2011.03.02"]
[WhiteElo "2416"]

1.e4 c5 2.Nf3 e6 3.c3 Nf6 4.e5 Nd5 5.d4 cxd4 6.cxd4 d6 7.Bc4 Nb6 8.Bd3 dxe5
9.dxe5 N8d7 10.O-O Nc5 11.Bc2 Qxd1 12.Rxd1 Nd5 13.a3 Bd7 14.b4 Ba4 15.Ra2
Bxc2 16.Rxc2 Na4 17.Nd4 Rd8 18.Ne2 Be7 19.Nf4 Nxf4 20.Rxd8+ Kxd8 21.Bxf4
Kd7 22.Rd2+ Kc7 23.Nc3 Nxc3 24.Rc2 Kd7 25.Rxc3 Rc8 26.Rd3+ Ke8 27.Kf1 b6
28.Ke2 Rc4 29.Bd2 b5 30.f4 a5   1/2-1/2

[Event "Kup Centralne Srbije"]
[Site "Vrnjacka Banja"]
[Date "2011.05.02"]
[Round "6"]
[White "Rabrenovic, Vladan"]
[Black "Todorovic, Goran N"]
[Result "1/2-1/2"]
[BlackElo "2403"]
[EventDate "2011.03.02"]
[WhiteElo "2393"]

1.d4 Nf6 2.c4 e6 3.Nc3 d5 4.Bg5 Be7 5.e3 O-O 6.Nf3 h6 7.Bh4 Ne4 8.Bxe7 Qxe7
9.Rc1 c6 10.Bd3 Nxc3 11.Rxc3 dxc4 12.Bxc4 Nd7 13.O-O b6 14.Bd3 c5 15.Be4
Rb8 16.Bc6 Rd8 17.Qa4 cxd4 18.exd4 a6 19.Rfc1 Qd6 20.h3 Nf6 21.Ne5 a5 22.Qb5
Nd7 23.Bf3 Nxe5 24.dxe5 Qe7 25.Rc7 Bd7 26.Qa6 Qb4 27.b3 Be8 28.Qa7 Qf4
29.Re1 Qd2 30.Re2 Qd4 31.Re4 Qa1+ 32.Kh2 Qxa2 33.Rf4 Qb2 34.Rcxf7 Bxf7
35.Qxf7+ Kh8 36.Be4 Rd4 37.Rg4 Rg8   1/2-1/2

[Event "Kup Centralne Srbije"]
[Site "Vrnjacka Banja"]
[Date "2011.05.02"]
[Round "6"]
[White "Djokic, Nenad"]
[Black "Kojovic, Dragan"]
[Result "1/2-1/2"]
[BlackElo "2374"]
[EventDate "2011.03.02"]
[WhiteElo "2364"]

1.d4 Nf6 2.Nf3 g6 3.c4 Bg7 4.Nc3 d5 5.cxd5 Nxd5 6.e4 Nxc3 7.bxc3 c5 8.Be3
O-O 9.Qd2 Qa5 10.Rc1 Rd8 11.d5 e6 12.c4 Qxd2+ 13.Nxd2 Na6 14.Bd3 b6 15.O-O
Nb4 16.Bb1 Bb2 17.Rcd1 a5 18.Bf4 Ra7 19.Nf3 f6 20.Bc1 Bxc1 21.Rxc1 exd5
22.exd5 Re7 23.a3 Na6 24.Bd3 Nc7 25.Rb1 Rd6 26.Rfe1 Rxe1+ 27.Nxe1 Ba6 28.Kf1
Kf8 29.Ke2 Bc8 30.a4 Na6 31.Nc2 Bd7 32.Ra1 Ke7 33.Ne3 Nb4 34.Nd1 Kd8 35.Nc3
f5 36.Kd2 Rf6   1/2-1/2

[Event "Kup Centralne Srbije"]
[Site "Vrnjacka Banja"]
[Date "2011.05.02"]
[Round "6"]
[White "Mitrovic, Darko R"]
[Black "Stefanovic, Vladimir"]
[Result "1/2-1/2"]
[BlackElo "2142"]
[EventDate "2011.03.02"]
[WhiteElo "2314"]

1.e4 c5 2.Nf3 Nc6 3.d4 cxd4 4.Nxd4 g6 5.c4 Bg7 6.Be3 Nf6 7.Nc3 d6 8.f3 O-O
9.Qd2 Bd7 10.Be2 Nxd4 11.Bxd4 a5 12.O-O Bc6 13.Rfd1 Nd7 14.Bxg7 Kxg7 15.Rac1
Qb6+ 16.Kh1 Rfc8 17.f4 Nc5   1/2-1/2

[Event "Kup Centralne Srbije"]
[Site "Vrnjacka Banja"]
[Date "2011.05.02"]
[Round "6"]
[White "Ivanovic, Zoran M"]
[Black "Djokic, Vladan"]
[Result "0-1"]
[BlackElo "2285"]
[EventDate "2011.03.02"]
[WhiteElo "2134"]

1.e4 c5 2.Nf3 e6 3.d4 cxd4 4.Nxd4 a6 5.c4 Nf6 6.Nc3 d6 7.Be3 Be7 8.Be2 Nbd7
9.Qd2 Qc7 10.f3 O-O 11.O-O b6 12.Rac1 Bb7 13.Rfd1 Rac8 14.b3 Qb8 15.Bf4
Ne5 16.Nc2 Rfd8 17.Be3 Ba8 18.Na4 Ned7 19.Bf4 Qa7 20.Be3 Nc5 21.Nxc5 dxc5
22.Qe1 Qc7 23.Bf2 Bd6 24.Bg3 Bxg3 25.Qxg3 Qxg3 26.hxg3 Kf8 27.Kf2 Ke7 28.Rxd8
Rxd8 29.Rd1 Rxd1 30.Bxd1 Nd7 31.Ke3 f6 32.f4 Bc6 33.Be2 Nb8 34.Bf3 Be8
35.Ne1 Nc6 36.Nc2 Kd6 37.Kd3 Bf7 38.Kc3 e5 39.Ne3 Nd4 40.Kd3 Be6 41.Bg4
Bf7 42.Bd1 a5 43.Kc3 Bg6 44.f5 Bf7 45.g4 Be8 46.Nd5 Bc6 47.Kd3 Bxd5 48.cxd5
b5 49.a4 Kc7 50.Kc3 Kb6 51.Bf3 c4 52.Bd1 cxb3 53.Bxb3 Kc5 54.Bd1 h6 55.axb5
Nxb5+ 56.Kb2 Kb4 57.Bc2 a4 58.Bd1 a3+ 59.Ka1 Nc3 60.Bc2 Kc5   0-1

[Event "Kup Centralne Srbije"]
[Site "Vrnjacka Banja"]
[Date "2011.05.02"]
[Round "6"]
[White "Stankovic, Dejan"]
[Black "Nesic, Nebojsa"]
[Result "1-0"]
[BlackElo "2174"]
[EventDate "2011.03.02"]
[WhiteElo "2272"]

1.e4 e6 2.d4 d5 3.e5 c5 4.c3 Nc6 5.Nf3 Bd7 6.Bd3 cxd4 7.cxd4 Qb6 8.O-O Nxd4
9.Nxd4 Qxd4 10.Nc3 a6 11.Qe2 Ne7 12.Kh1 Nc6 13.f4 Nb4 14.Rd1 Nxd3 15.Rxd3
Qc4 16.b3 Qc7 17.Bb2 Rc8 18.Rc1 Be7 19.f5 b5 20.f6 Bf8 21.fxg7 Bxg7 22.Rf1
b4 23.Qh5 Rf8 24.Ne2 Qc2 25.Rg3 Bb5 26.Nd4 Qxb2 27.Nxb5 Bxe5 28.Rg8 Qf2
29.Rxf8+ Kxf8 30.Rd1 Rc2 31.Rg1 Qf5 32.Qh6+ Bg7 33.Qh4 Qf6 34.Qxb4+ Qe7
35.Nd6 Be5 36.Qb8+ Kg7 37.Ne8+ Kh6 38.Qxe5 Qxe8 39.Qf6+ Kh5 40.g4#   1-0

[Event "Kup Centralne Srbije"]
[Site "Vrnjacka Banja"]
[Date "2011.05.02"]
[Round "6"]
[White "Devetak, Dusan"]
[Black "Delchev, Aleksander"]
[Result "0-1"]
[BlackElo "2625"]
[EventDate "2011.03.02"]
[WhiteElo "2220"]

1.e4 e5 2.Nf3 Nc6 3.d4 exd4 4.Nxd4 Nf6 5.Nxc6 bxc6 6.e5 Qe7 7.Qe2 Nd5 8.c4
Nb6 9.Nd2 Bb7 10.b3 g6 11.Bb2 Bg7 12.O-O-O O-O-O 13.Nf3 Rhe8 14.Re1 c5
15.Qc2 d6 16.Bd3 Bxf3 17.gxf3 Bxe5 18.Bxe5 dxe5 19.h4 h5 20.Qc3 Kb8 21.a4
Qd6 22.Re3 Qd4 23.Kc2 Qxc3+ 24.Kxc3 Rd4 25.a5 Nd7 26.b4 cxb4+ 27.Kxb4 c6
28.Kc3 Kc7 29.Re4 Rxe4 30.fxe4 Nc5 31.Bc2 Re6 32.f3 Rf6 33.Bd1 Rd6 34.Bc2
Ne6 35.Rb1 c5 36.Rb5 a6 37.Rb2 Nd4 38.Bd1 Nc6 39.Be2 Nxa5 40.Ra2 Kb6 41.Rb2+
Ka7 42.Ra2 Nc6 43.Rb2 Nd4 44.Bd1 Rb6 45.Rf2 Rb1 46.Ba4 Kb6 47.Be8 Rb3+
48.Kd2 Rxf3 49.Rxf3 Nxf3+ 50.Ke3 Nxh4 51.Bxf7 Ng2+   0-1

[Event "Kup Centralne Srbije"]
[Site "Vrnjacka Banja"]
[Date "2011.05.02"]
[Round "6"]
[White "Krstic, Petar"]
[Black "Dodic, Dragan"]
[Result "1-0"]
[BlackElo "2142"]
[EventDate "2011.03.02"]
[WhiteElo "2324"]

1.e4 c6 2.d4 d5 3.Nc3 dxe4 4.Nxe4 Nd7 5.Nf3 Ndf6 6.Ng3 Bg4 7.Be2 e6 8.h3
Bxf3 9.Bxf3 Bd6 10.Ne2 Ne7 11.O-O Ng6 12.g3 Qc7 13.c4 Rd8 14.Qa4 O-O 15.h4
h5 16.Bg5 Be7 17.Rad1 Ng4 18.Bxe7 Qxe7 19.Qa5 f5 20.Bxg4 b6 21.Qa4 fxg4
22.Qxc6 Rf5 23.Qe4 Qf6 24.Nc3 Rf8 25.Qe2 Rf3 26.Ne4 Qf5 27.Ng5 e5 28.d5
Nh8 29.Qe4 Qxe4 30.Nxe4 Nf7 31.Rfe1 Rc8 32.b3 a5 33.Re3 Rxe3 34.fxe3 Kf8
35.Rf1 Ke7 36.Rxf7+   1-0

[Event "Kup Centralne Srbije"]
[Site "Vrnjacka Banja"]
[Date "2011.05.02"]
[Round "6"]
[White "Tosic, Branislav"]
[Black "Nestorovic, Lazar"]
[Result "1/2-1/2"]
[BlackElo "2357"]
[EventDate "2011.03.02"]
[WhiteElo "2229"]

1.d4 Nf6 2.c4 e6 3.Nf3 b6 4.g3 Bb7 5.Bg2 Be7 6.O-O O-O 7.Nc3 Ne4 8.Qc2 Nxc3
9.Qxc3 d6 10.b3 Nd7 11.Bb2 Bf6 12.Qc2 g6 13.e4 Qe7 14.e5 Bg7 15.Rfe1 Rac8
16.Rad1 d5 17.c5 bxc5 18.Ba3 Rfd8 19.Bxc5 Nxc5 20.dxc5 Bf8 21.b4 Ba6 22.Nd4
c6 23.a3 Bc4 24.Bf1 Bxf1 25.Kxf1 Qd7 26.Kg1   1/2-1/2

[Event "Kup Centralne Srbije"]
[Site "Vrnjacka Banja"]
[Date "2011.05.02"]
[Round "6"]
[White "Petrov, Georgi"]
[Black "Dragic, Vladimir"]
[Result "1/2-1/2"]
[BlackElo "2181"]
[EventDate "2011.03.02"]
[WhiteElo "2290"]

1.Nf3 g6 2.c4 Bg7 3.g3 e5 4.Nc3 d6 5.d4 Nd7 6.Bg2 f5 7.Bg5 Ngf6 8.dxe5 dxe5
9.e4 O-O 10.O-O h6 11.Bxf6 Bxf6 12.exf5 gxf5 13.Qd5+ Kg7 14.Rfd1 Qe7 15.Qd2
c6 16.Qd6 Qxd6 17.Rxd6 e4 18.Ne1 Be5 19.Rd2 Nb6 20.Bf1 Be6 21.c5 Bxc3 22.bxc3
Na4 23.Nc2 Nxc5 24.Nd4 Rad8 25.Rb1 Bc8 26.Rbd1 Kf6 27.Bc4 Na4 28.Ne2 Rxd2
29.Rxd2 Ke7 30.Bb3 Nc5 31.Nf4 Rf6 32.Kf1 Rd6 33.Ke2 Rxd2+ 34.Kxd2 Be6 35.c4
b5 36.Kc3 a5 37.cxb5 Bxb3 38.axb3 cxb5 39.b4 axb4+ 40.Kxb4 Nd3+ 41.Nxd3
exd3 42.Kc3 Kd6 43.Kxd3 Kd5 44.f3 h5 45.h3 Ke5 46.Kc3   1/2-1/2

[Event "Kup Centralne Srbije"]
[Site "Vrnjacka Banja"]
[Date "2011.05.02"]
[Round "6"]
[White "Panic, Nenad"]
[Black "Colovic, Dusan"]
[Result "1-0"]
[BlackElo "2362"]
[EventDate "2011.03.02"]
[WhiteElo "2349"]

1.d4 d6 2.g3 e5 3.c3 Be7 4.Bg2 c6 5.e4 Nd7 6.Ne2 Ngf6 7.O-O h5 8.h3 h4 9.g4
d5 10.dxe5 Nxe4 11.f4 Qb6+ 12.Kh2 Ndc5 13.b4 Ne6 14.Bxe4 dxe4 15.Nd2 c5
16.f5 cxb4 17.Nxe4 Nc5 18.Be3 Qc6 19.Nxc5 Bxc5 20.Bxc5 Qxc5 21.Qd4 Qb5
22.Nf4 O-O 23.cxb4 b6 24.Nd5 Bb7 25.Ne7+ Kh7 26.g5 Qe2+ 27.Rf2 Qh5 28.Rc1
Rad8 29.Qg4 g6 30.e6 Rde8 31.f6 fxe6 32.Qxe6 Bc8 33.Qe4 Rf7 34.Rf4 Rexe7
35.fxe7 Rxf4 36.Qxf4   1-0

[Event "Kup Centralne Srbije"]
[Site "Vrnjacka Banja"]
[Date "2011.05.02"]
[Round "6"]
[White "Irizanin, Radoje"]
[Black "Jovanovic, Bojan P"]
[Result "1-0"]
[BlackElo "2184"]
[EventDate "2011.03.02"]
[WhiteElo "2324"]

1.e3 Nf6 2.b3 g6 3.Bb2 Bg7 4.c4 d6 5.Nf3 e5 6.d3 Nc6 7.Be2 O-O 8.O-O Nd7
9.Nc3 f5 10.a3 g5 11.Nd5 e4 12.Nd4 Nde5 13.dxe4 fxe4 14.Nc3 Nxd4 15.exd4
Nc6 16.Nxe4 Rf4 17.f3 Qe7 18.Kh1 Bf5 19.Bc1 Nxd4 20.Bxf4 Bxe4 21.fxe4 Nxe2
22.Qd5+ Kh8 23.Bxg5 Qd7 24.Rf7 Qg4 25.Raf1 Qh5 26.Rf8+   1-0

[Event "Kup Centralne Srbije"]
[Site "Vrnjacka Banja"]
[Date "2011.05.02"]
[Round "6"]
[White "Popovic, Predrag R"]
[Black "Gavrilovic, Leonardo"]
[Result "0-1"]
[BlackElo "2247"]
[EventDate "2011.03.02"]
[WhiteElo "2278"]

1.e4 Nf6 2.d3 e5 3.Nf3 Nc6 4.Be2 d5 5.Nbd2 Bc5 6.O-O h6 7.c3 dxe4 8.dxe4
O-O 9.b4 Bd6 10.Qc2 Ne7 11.Nc4 Ng6 12.Rd1 Qe7 13.g3 Rd8 14.Bb2 b6 15.Nfd2
Ng4 16.Bf3 Qg5 17.Nf1 Be6 18.Nce3 Nf6 19.Nf5 Ne8 20.h4 Qf6 21.N1e3 Rd7
22.Qe2 a6 23.Bg2 Qd8 24.Nd5 c6 25.Nde3 Bf8 26.Rxd7 Qxd7 27.Rd1 Qc7 28.a3
b5 29.c4 Ne7 30.cxb5 axb5 31.Rc1 Nc8 32.h5 Nb6 33.Qc2 Rc8 34.Bf1 Kh7 35.Be2
g6 36.hxg6+ fxg6 37.Nh4 Bg7 38.Nf3 Bf6 39.Qb1 Qg7 40.Qa1 Nd6 41.Bxe5 Nxe4
42.Bd3 Nd2 43.Bxf6 Nxf3+ 44.Kg2 Qf7 45.Be2 Nd2 46.Qd4 Ne4 47.Qxb6 Qxf6
48.f3 Nd2 49.f4 Nc4 50.Re1 Nxb6   0-1

[Event "Kup Centralne Srbije"]
[Site "Vrnjacka Banja"]
[Date "2011.05.02"]
[Round "6"]
[White "Mirkovic, Stevan"]
[Black "Stefanovic, Boban"]
[Result "1-0"]
[BlackElo "2137"]
[EventDate "2011.03.02"]
[WhiteElo "2237"]

1.Nf3 d5 2.d4 c6 3.c4 e6 4.Qc2 f5 5.g3 Nf6 6.Bg2 Bd6 7.O-O O-O 8.Nc3 Qe7
9.Bg5 h6 10.Bxf6 Qxf6 11.Rad1 Nd7 12.e3 g5 13.Nd2 Kg7 14.Qa4 Rh8 15.b4
Nf8 16.b5 Bd7 17.bxc6 bxc6 18.Rb1 Rh7 19.Rb7 Kg8 20.cxd5 exd5 21.Nxd5 Qd8
22.Nc3 f4 23.Bxc6 Bxc6 24.Qxc6 Rxb7 25.Qxb7 Kh8 26.Nde4 Be7 27.Nd5 Ng6
28.Qc6 Kg7 29.Nxe7   1-0

[Event "Kup Centralne Srbije"]
[Site "Vrnjacka Banja"]
[Date "2011.05.02"]
[Round "6"]
[White "Manic, Dragan"]
[Black "Marcetic, Predrag"]
[Result "1/2-1/2"]
[BlackElo "2214"]
[EventDate "2011.03.02"]
[WhiteElo "2090"]

1.e4 c6 2.d4 g6 3.Nc3 Bg7 4.f4 d5 5.e5 h5 6.Nf3 Bf5 7.Bd3 Nh6 8.Bxf5 Nxf5
9.Qd3 e6 10.Bd2 Nd7 11.Ne2 Qb6 12.O-O a5 13.a4 Qa6 14.Ra3 Bf8 15.Qxa6 Rxa6
16.Rb3 Ra7   1/2-1/2

[Event "Kup Centralne Srbije"]
[Site "Vrnjacka Banja"]
[Date "2011.05.02"]
[Round "6"]
[White "Bezarevic, Branko"]
[Black "Nikolic, Sava N R"]
[Result "0-1"]
[BlackElo "2080"]
[EventDate "2011.03.02"]
[WhiteElo "2201"]

1.e4 e5 2.Nf3 Nc6 3.Bb5 a6 4.Ba4 Nf6 5.d4 b5 6.Bb3 Nxe4 7.dxe5 Nc5 8.Bd5
Be7 9.O-O Ne6 10.Nc3 O-O 11.Ne4 Bb7 12.Be3 Na5 13.Bxb7 Nxb7 14.Qd5 c6 15.Qd2
d5 16.exd6 Nxd6 17.Nxd6 Qxd6 18.Qxd6 Bxd6 19.Rfd1 Rfd8 20.Rd2 Bb4 21.Rdd1
Ba5 22.Kf1 f6 23.Rxd8+ Rxd8 24.Ke2 Kf7 25.a4 b4 26.Rd1 Rxd1 27.Kxd1 Bc7
28.Ke2 Nd8 29.Kd3 Nb7 30.Kc4 Bd6 31.Bb6 Ke6 32.h3 Kd7 33.Nd2 Be5 34.b3
Bd6 35.Ne4 Be7 36.Bc5 a5 37.Bxe7 Kxe7 38.c3 f5 39.cxb4 fxe4 40.bxa5 Nxa5+
41.Kb4 Nb7 42.a5 Nd6 43.Kc5 Kd7 44.Kb6 Nb5 45.a6 Kd6 46.g4 g5 47.b4 Kd5
48.a7 Nxa7 49.Kxa7 Kc4 50.Kb6 Kxb4 51.Kxc6 Kc4 52.Kd6 Kd3 53.Ke5 h6 54.Kf5
Ke2   0-1

[Event "Kup Centralne Srbije"]
[Site "Vrnjacka Banja"]
[Date "2011.05.02"]
[Round "6"]
[White "Tosic, Slobodan P"]
[Black "Vasic, Vladimir"]
[Result "0-1"]
[BlackElo "2180"]
[EventDate "2011.03.02"]
[WhiteElo "2217"]

1.d4 d5 2.c4 dxc4 3.Nc3 e5 4.d5 a6 5.a4 Bb4 6.e4 Qh4 7.Nf3 Qxe4+ 8.Be2 Nf6
9.O-O Bxc3 10.bxc3 O-O 11.Nd2 Qxd5 12.Qc2 Re8 13.Nxc4 Nc6 14.Ne3 Qe4 15.Bd3
Qh4 16.h3 e4 17.Be2 Be6 18.Rb1 b6 19.Bb2 Nd5 20.Nxd5 Bxd5 21.c4 Be6 22.c5
Qg5 23.Qxe4 Bf5   0-1

[Event "Kup Centralne Srbije"]
[Site "Vrnjacka Banja"]
[Date "2011.05.02"]
[Round "6"]
[White "Blagojevic, Nebojsa"]
[Black "Bura, Goran"]
[Result "1-0"]
[BlackElo "2191"]
[EventDate "2011.03.02"]
[WhiteElo "2312"]

1.e4 c5 2.Nf3 Nc6 3.d4 cxd4 4.Nxd4 Nf6 5.Nxc6 bxc6 6.Bd3 d6 7.O-O g6 8.Nd2
Bg7 9.Nf3 O-O 10.h3 Qc7 11.Re1 e5 12.c4 Nh5 13.Nh2 Rb8 14.Rb1 Nf4 15.Bxf4
exf4 16.Qd2 a5 17.b3 g5 18.Bc2 Be6 19.Nf3 h6 20.Nd4 Be5 21.Rbc1 Rfd8 22.Bd1
Qb6 23.Nf5 Bxf5 24.exf5 Bf6 25.Bf3 Qc5 26.Be4 a4 27.Qd3 axb3 28.axb3 Kg7
29.Red1 Rb6 30.Rb1 d5 31.cxd5 cxd5 32.Bf3 Rb4 33.Rdc1 Qb6 34.Rd1 Rb5 35.Rdc1
Rb8 36.Bd1 Ra8 37.Be2 Rb4 38.Qxd5 Ra7 39.Rc6 Qd4 40.Qf3 Qe5 41.Bc4 Qxf5
42.Rd1 Rbb7 43.Rd3 Ra1+ 44.Rd1 Rxd1+ 45.Qxd1 Rd7 46.Qf3 Re7 47.Kh2   1-0

[Event "Kup Centralne Srbije"]
[Site "Vrnjacka Banja"]
[Date "2011.05.02"]
[Round "6"]
[White "Arsenijevic, Ivan"]
[Black "Mitrovic, Marjan"]
[Result "1-0"]
[BlackElo "2127"]
[EventDate "2011.03.02"]
[WhiteElo "2162"]

1.d4 Nf6 2.Nf3 g6 3.c4 Bg7 4.Nc3 d5 5.cxd5 Nxd5 6.e4 Nxc3 7.bxc3 c5 8.Bc4
Nc6 9.e5 O-O 10.O-O Bg4 11.Be3 Qa5 12.Qb3 Bxf3 13.gxf3 Qc7 14.Bb5 e6 15.Rab1
Rab8 16.f4 Ne7 17.Bd3 Rfc8 18.Be4 c4 19.Qa4 b6 20.Qb5 Rd8 21.Rb4 Rbc8 22.Qa4
Nd5 23.Bxd5 Rxd5 24.Rfb1 Ra5 25.Qc2 Qc6 26.Qe2 Bf8 27.R4b2 b5 28.f3 a6
29.Rd1 Ra3 30.Rc2 a5 31.Rdc1 Ra4 32.Kg2 Ba3 33.Rd1 b4 34.cxb4 axb4 35.f5
Qa6 36.Rb1 c3 37.Qxa6 Rxa6 38.fxg6 fxg6 39.Rb3 Ra4 40.Kf2   1-0

[Event "Kup Centralne Srbije"]
[Site "Vrnjacka Banja"]
[Date "2011.05.02"]
[Round "6"]
[White "Mitrovic, Mikica"]
[Black "Njegic, Vladimir"]
[Result "0-1"]
[BlackElo "2149"]
[EventDate "2011.03.02"]
[WhiteElo "1929"]

1.g3 d5 2.Bg2 c6 3.Nf3 Nf6 4.O-O e6 5.d3 Be7 6.Nc3 O-O 7.e4 dxe4 8.Nxe4
Nbd7 9.h3 Nxe4 10.dxe4 e5 11.c4 Qc7 12.Qe2 a5 13.Rd1 Nc5 14.Bd2 Be6 15.Bc3
f6 16.b3 Rfd8 17.Ne1 Rxd1 18.Rxd1 Rd8 19.Nd3 b6 20.Nxc5 Bxc5 21.Kf1 Rd7
22.g4 Qd8 23.Rxd7 Qxd7 24.Qd2 Qxd2 25.Bxd2 a4 26.Ke2 b5 27.cxb5 cxb5 28.b4
Bc4+ 29.Ke1 Bd4 30.a3 Bb2 31.Kd1 Bb3+ 32.Ke1 Bxa3 33.Bc3 Bc4 34.Kd2 Kf7
35.Kc2 Kg6 36.Bf3 Kg5 37.Bd2+ Kh4 38.Bg2 h5 39.gxh5 Kxh5 40.Bf3+ Kh4 41.Bg4
Bf1 42.Bd7 Bg2 43.Bxb5 Bxe4+ 44.Kc3 Kxh3 45.Bxa4 Kg2 46.Be3 f5 47.Bc5 
 0-1

[Event "Kup Centralne Srbije"]
[Site "Vrnjacka Banja"]
[Date "2011.05.02"]
[Round "6"]
[White "Knezevic, Ilija"]
[Black "Djurovic, Radenko"]
[Result "1/2-1/2"]
[BlackElo "2125"]
[EventDate "2011.03.02"]
[WhiteElo "2185"]

1.d4 d5 2.c4 c6 3.Nc3 e6 4.Nf3 Nf6 5.Qc2 h6 6.e3 Be7 7.b3 Nbd7 8.Be2 O-O
9.O-O Bb4 10.Bd3 Re8 11.Bb2 b6 12.Rfd1 Bb7 13.Ne5 Nxe5 14.dxe5 Nd7 15.f4
Bc5 16.Qe2 a6 17.Na4 Bf8 18.Rac1 b5 19.Nc3 Qb6 20.Kh1 Bc5 21.Re1 Rab8 22.Ba1
Rbd8 23.Bb1 Nf8 24.h3 Rd7 25.Rcd1 Red8 26.f5 exf5 27.Bxf5 Re7 28.e4 d4
29.Nb1 Rxe5 30.Rf1 b4 31.Nd2 Re7 32.Nf3 Ne6 33.Qf2 Qc7 34.e5 Ba7 35.Bxe6
fxe6 36.Bxd4 Red7 37.Rd2 c5 38.Bb2 Bxf3 39.Rxd7 Bxg2+ 40.Qxg2 Qxd7 41.Rg1
Rf8 42.Qg4 Qf7 43.Rg2 Bb8 44.Kh2 Qf5 45.Qxf5 Rxf5 46.Rd2 Rxe5 47.Rd8+ Kh7
48.Rxb8 Re2+ 49.Kg3 Rxb2 50.Rb6 Rxa2 51.Rxe6 Ra3 52.Rc6 Rxb3+ 53.Kf4  
1/2-1/2

[Event "Kup Centralne Srbije"]
[Site "Vrnjacka Banja"]
[Date "2011.05.02"]
[Round "6"]
[White "Cvetic, Milan"]
[Black "Milosevic, Sinisa"]
[Result "1/2-1/2"]
[BlackElo "2001"]
[EventDate "2011.03.02"]
[WhiteElo "2051"]

1.e4 c5 2.Nf3 d6 3.d4 cxd4 4.Nxd4 Nf6 5.Nc3 g6 6.Be2 Bg7 7.Be3 O-O 8.g4
Nc6 9.g5 Nd7 10.h4 Nb6 11.f4 d5 12.e5 Nc4 13.Bxc4 dxc4 14.Nxc6 bxc6 15.Bc5
Qc7 16.Qe2 Rb8 17.Ba3 Qd7 18.Qxc4 Qg4 19.Ne2 Be6 20.Qc3 Bd5 21.Qh3 Qh5
22.Rh2 Be6 23.Qe3 Rb7 24.O-O-O Rfb8 25.Ng3 Qg4 26.h5 Bd5 27.hxg6 hxg6 28.Ne4
Bxe5 29.fxe5 Qxe4 30.Qh3 Qxe5 31.Qh7+ Kf8 32.Qh8+ Qxh8 33.Rxh8+ Kg7 34.Rxb8
Rxb8 35.Bxe7 f5 36.gxf6+ Kf7 37.b3 Rb7 38.c4 Bf3 39.Rd8 g5 40.Kd2 Bg4 41.Ke3
Bf5 42.Rf8+ Ke6 43.Rg8 g4 44.Kf2 Rd7 45.Rd8 Rxd8 46.Bxd8 Bb1   1/2-1/2

[Event "Kup Centralne Srbije"]
[Site "Vrnjacka Banja"]
[Date "2011.05.02"]
[Round "6"]
[White "Tadic, Radovan"]
[Black "Blagojevic, Rade"]
[Result "0-1"]
[BlackElo "1984"]
[EventDate "2011.03.02"]
[WhiteElo "1895"]

1.e4 e5 2.Nf3 Nc6 3.d4 exd4 4.Nxd4 Qh4 5.Nc3 Bb4 6.Ndb5 Qxe4+ 7.Be3 Qe5
8.Qd3 Bxc3+ 9.Nxc3 Nge7 10.O-O-O a6 11.Re1 d6 12.Bd2 Qf5 13.Qg3 Qg6 14.Qh4
Qg4 15.Bg5 Qxh4 16.Bxh4 Be6 17.f4 Kd7 18.h3 h5 19.Bd3 Nf5 20.Bf2 h4 21.Rd1
Rae8 22.Rhe1 Kc8 23.a3 b5 24.Be4 Nce7 25.Ne2 Ng6 26.b3 Rd8 27.Kb2 Rhe8
28.Nd4 Nxd4 29.Bxg6 fxg6 30.Rxd4 Bf5 31.Bxh4 Rxe1 32.Bxe1 Re8 33.Bd2 Re2
34.g4 Be4 35.Kc1 d5 36.b4 Rh2 37.Kb2 Rxh3 38.Bc3 Rh2 39.Bd2 Rf2 40.f5 Kd7
41.Kc1 Kd6 42.Kd1 Rf3 43.Bc1 Rf1+ 44.Kd2 Rf4 45.Ke2 Rf3 46.Be3 Rh3 47.Rd2
Ke5   0-1